Gender Policy Delivery in Kazakhstan

Gespeichert in:
Bibliographische Detailangaben
Format: Buch
Sprache:Englisch
Veröffentlicht: Paris OECD 2017
Schriftenreihe:OECD Public Governance Reviews
Schlagworte:
Tags: Tag hinzufügen
Keine Tags, Fügen Sie das erste Tag hinzu!

MARC

LEADER 00000nam a2200000 4500
001 0242339
005 20240314122943.0
020 |a 978-92-64-28034-2 
041 0 |a eng 
044 |a FR 
245 1 0 |a Gender Policy Delivery in Kazakhstan 
264 1 |a Paris  |b OECD  |c 2017 
300 |a 135 s. 
490 1 |a OECD Public Governance Reviews 
830 0 |a OECD Public Governance Reviews 
610 2 0 |a rovnosť rodová 
610 2 0 |a ženy 
610 2 0 |a vzdelanie 
610 2 0 |a inštitúcie verejnoprávne 
610 2 0 |a politika verejná 
610 2 0 |a koordinácia 
610 2 0 |a ukazovatele 
610 2 0 |a porovnanie medzinárodné 
610 2 0 |a Kazachstan